[Event "Lublin Chmielewski Memorial"]
[Site "Lublin"]
[Date "2013.12.27"]
[Round "1"]
[White "Wojciechowski, Adam"]
[Black "Wazny, Marcin"]
[Result "1-0"]
[WhiteElo "1869"]
[BlackElo "1409"]
[PlyCount "49"]
[EventDate "2013.12.27"]
[EventType "swiss"]
[EventRounds "7"]
[EventCountry "POL"]
[SourceTitle "CBM 158 Extra"]
[Source "ChessBase"]
[SourceDate "2014.02.28"]
[SourceVersion "1"]
[SourceVersionDate "2014.02.28"]
[SourceQuality "1"]

1. Nf3 Nf6 2. d4 g6 3. Bf4 Bg7 4. e3 0-0 5. Bd3 d5 6. h3 b6 7. Qe2 Bb7 8. Nbd2 c5 9. c3 c4 10. Bc2 b5 11. 0-0 Nc6 12. e4 e6 13. e5 Nd7 14. Qe3 b4 15. Bh6 Ne7 16. g4 a5 17. Rfe1 Rc8 18. Nf1 Nb6 19. Ng3 b3 20. axb3 cxb3 21. Bxb3 Nc4 22. Qc1 Nxb2 23. Bxg7 Nd3 24. Qh6 f5 25. Ng5 1-0

[Event "Lublin Zukertort Memorial 5th"]
[Site "Lublin"]
[Date "2013.06.??"]
[Round "5"]
[White "Wojciechowski, Adam"]
[Black "Fiala, Lukasz"]
[Result "1-0"]
[WhiteElo "2143"]
[BlackElo "1603"]
[PlyCount "53"]
[EventDate "2013.06.24"]
[EventType "swiss"]
[EventRounds "9"]
[EventCountry "POL"]
[SourceTitle "EXT 2014"]
[Source "ChessBase"]
[SourceDate "2013.11.20"]
[SourceVersion "1"]
[SourceVersionDate "2013.11.20"]
[SourceQuality "1"]

1. e4 e5 2. Nf3 Nc6 3. d4 exd4 4. Nxd4 Nf6 5. Nc3 Bb4 6. Nxc6 bxc6 7. Bd3 0-0 8. 0-0 h6 9. e5 Bxc3 10. bxc3 Nd5 11. Qg4 d6 12. Qe4 f5 13. exf6 Nxf6 14. Qxc6 Bd7 15. Qc4+ d5 16. Qd4 Qe7 17. Be3 c5 18. Qxc5 Qf7 19. f3 Rfc8 20. Qa5 Qe7 21. Rfe1 Qd6 22. Bd4 Nh5 23. Re5 Nf4 24. Rae1 Nxd3 25. cxd3 Re8 26. Qc5 Qg6 27. Qxd5+ 1-0

[Event "Lublin Zukertort Memorial 5th"]
[Site "Lublin"]
[Date "2013.06.??"]
[Round "2"]
[White "Wojciechowski, Adam"]
[Black "Siedlanowski, Lukasz"]
[Result "0-1"]
[WhiteElo "2143"]
[BlackElo "1924"]
[PlyCount "86"]
[EventDate "2013.06.24"]
[EventType "swiss"]
[EventRounds "9"]
[EventCountry "POL"]
[SourceTitle "EXT 2014"]
[Source "ChessBase"]
[SourceDate "2013.11.20"]
[SourceVersion "1"]
[SourceVersionDate "2013.11.20"]
[SourceQuality "1"]

1. e4 g6 2. d4 c6 3. Nf3 Bg7 4. c3 d5 5. exd5 cxd5 6. Qb3 Nf6 7. Bf4 0-0 8. Be2 Nc6 9. Nbd2 Nh5 10. Bg3 a6 11. a4 Re8 12. 0-0 Bh6 13. Rad1 Nxg3 14. hxg3 Rb8 15. Ne5 Qd6 16. Ndf3 f6 17. Nd3 b6 18. Qa2 e5 19. dxe5 fxe5 20. Nb4 Nxb4 21. cxb4 Bb7 22. Qb3 Kh8 23. Rfe1 Qf6 24. Nh2 Qe7 25. b5 a5 26. Ng4 Bg7 27. Ne3 d4 28. Nc4 Qf6 29. Rd2 e4 30. Bf1 Bd5 31. Qd1 Rbd8 32. Qg4 Bh6 33. Rdd1 Rf8 34. Qh4 Bg5 35. Qg4 h5 36. Qh3 Be6 37. Qh2 Qxf2+ 38. Kh1 Bg4 39. Rb1 d3 40. Qg1 d2 41. Red1 e3 42. Qxf2 Rxf2 43. Kg1 Rdf8 0-1

[Event "POL-chT3 Slaskie"]
[Site "Poland"]
[Date "2008.03.02"]
[Round "6.22"]
[White "Wojciechowski, Adam"]
[Black "Matlak, Jacek"]
[Result "0-1"]
[WhiteElo "2175"]
[BlackElo "2256"]
[PlyCount "126"]
[EventDate "2008.02.03"]
[EventType "team-swiss"]
[EventRounds "9"]
[EventCountry "POL"]
[SourceTitle "EXT 2019"]
[Source "ChessBase"]
[SourceDate "2018.10.10"]
[SourceVersion "1"]
[SourceVersionDate "2018.10.10"]
[SourceQuality "1"]

1. e4 e6 2. d4 d5 3. Nc3 Bb4 4. e5 c5 5. a3 Bxc3+ 6. bxc3 Nc6 7. Qg4 g6 8. Bb5 Qa5 9. Bxc6+ bxc6 10. Bd2 cxd4 11. cxd4 Qa4 12. c3 Ba6 13. f4 Rb8 14. Qd1 Qxd1+ 15. Kxd1 Bf1 16. h4 Bxg2 17. Rh2 Be4 18. Ne2 Ne7 19. Ng3 Bd3 20. Be1 h5 21. Rd2 Bc4 22. Kc1 Kd7 23. Rb1 Rb6 24. Rdb2 Rhb8 25. Rb4 Nc8 26. Nh1 Rb5 27. Nf2 Nb6 28. Nd1 a5 29. Rxb5 cxb5 30. Nb2 Kc6 31. Kc2 Ra8 32. Bd2 Be2 33. Re1 Bg4 34. Kb3 Bf5 35. Ka2 Nc4 36. Re2 Rb8 37. Be1 Rb7 38. Nxc4 dxc4 39. Kb2 Kd5 40. Bd2 Bd3 41. Re1 Rb8 42. Kc1 Ra8 43. Kb2 Rc8 44. Bc1 b4 45. axb4 axb4 46. cxb4 c3+ 47. Kb3 Kxd4 48. Be3+ Kd5 49. Bc5 c2 50. Kc3 Bf5 51. Kd2 Kc4 52. Re3 Ra8 53. Rc3+ Kb5 54. Be3 Ra1 55. Ke2 Rh1 56. Bd2 Rxh4 57. Rc5+ Kb6 58. Be3 Rh2+ 59. Ke1 Kb7 60. b5 Bd3 61. Bf2 Rh1+ 62. Kd2 Rd1+ 63. Ke3 Bf5 0-1

[Event "POL-chT3 Liga Slaska"]
[Site "Poland"]
[Date "2007.05.12"]
[Round "8"]
[White "Sroka, Janusz"]
[Black "Wojciechowski, Adam"]
[Result "1/2-1/2"]
[WhiteElo "2110"]
[BlackElo "2199"]
[PlyCount "103"]
[EventDate "2007.01.28"]
[EventType "team-swiss"]
[EventRounds "9"]
[EventCountry "POL"]
[SourceTitle "EXT 2011"]
[Source "ChessBase"]
[SourceDate "2010.11.26"]
[SourceVersion "1"]
[SourceVersionDate "2010.11.26"]
[SourceQuality "1"]
[WhiteTeam "Gliwice Roszada Fluor"]
[BlackTeam "Gliwice Politechnika Slaska II"]
[WhiteTeamCountry "POL"]
[BlackTeamCountry "POL"]

1. e4 c5 2. g3 Nc6 3. Bg2 g6 4. d3 Bg7 5. c3 d6 6. f4 f5 7. Nf3 Nf6 8. Nbd2 0-0 9. 0-0 e6 10. Nh4 Rb8 11. a4 Qc7 12. Qe2 a6 13. Ndf3 b5 14. axb5 axb5 15. Be3 fxe4 16. Ng5 exd3 17. Qxd3 Ne7 18. Bh3 Nf5 19. Nxf5 exf5 20. Bg2 h6 21. Nf3 Be6 22. Rfd1 Rfd8 23. h3 Bc4 24. Qc2 Qf7 25. Re1 Bd5 26. Kh2 b4 27. cxb4 Rxb4 28. Bd2 Be4 29. Qc1 Rbb8 30. Bc3 Nd5 31. Bxg7 Qxg7 32. Re2 Rb4 33. Nd2 Bxg2 34. Rxg2 Rxb2 35. Qc4 Qf7 36. Re1 Nf6 37. Qc3 Rdb8 38. Rge2 Ra2 39. Re7 Qd5 40. R1e2 Qd4 41. Qxd4 cxd4 42. Nf3 Rbb2 43. Nxd4 Ne4 44. Rxb2 Rxb2+ 45. Kg1 Kf8 46. Rh7 Nxg3 47. Ne6+ Ke8 48. Nc7+ Kd8 49. Ne6+ Kc8 50. Rxh6 Rb4 51. Rxg6 Ne2+ 52. Kf2 1/2-1/2

[Event "POL-chT 1st League"]
[Site "Opole"]
[Date "2006.09.04"]
[Round "3"]
[White "Wojciechowski, Adam"]
[Black "Krzyzanowski, Marcin"]
[Result "0-1"]
[WhiteElo "2197"]
[BlackElo "2106"]
[PlyCount "78"]
[EventDate "2006.09.01"]
[EventType "team-tourn"]
[EventRounds "9"]
[EventCountry "POL"]
[SourceTitle "CBM 114 Extra"]
[Source "ChessBase"]
[SourceDate "2006.11.03"]
[SourceVersion "1"]
[SourceVersionDate "2006.11.03"]
[SourceQuality "1"]
[WhiteTeam "Gliwice Politechnika Slaska"]
[BlackTeam "Rybnik Preferow MKSz"]
[WhiteTeamCountry "POL"]
[BlackTeamCountry "POL"]

1. e4 e5 2. Nf3 Nc6 3. Nc3 Nf6 4. d4 exd4 5. Nxd4 Bb4 6. Nxc6 bxc6 7. Bd3 d5 8. exd5 cxd5 9. 0-0 0-0 10. Bg5 c6 11. Qf3 h6 12. Bxf6 Qxf6 13. Qxf6 gxf6 14. Ne2 Re8 15. Rad1 Bg4 16. f3 Bc5+ 17. Kh1 Bd7 18. Ng3 Bd6 19. Rfe1 Be5 20. c3 Rab8 21. Rd2 Kf8 22. Rde2 Bxg3 23. hxg3 Rxb2 24. Rxb2 Rxe1+ 25. Kh2 Re3 26. Rd2 c5 27. Kg1 Re1+ 28. Kf2 Rc1 29. Bc2 Bb5 30. Bb3 d4 31. cxd4 c4 32. Rc2 Rf1+ 33. Ke3 cxb3 34. axb3 Re1+ 35. Kf2 Rd1 36. Rc8+ Kg7 37. Rc5 a6 38. d5 Rd3 39. b4 f5 0-1

[Event "POL-chT3"]
[Site "Poland"]
[Date "2002.??.??"]
[Round "?"]
[White "Chlost, Marlena"]
[Black "Wojciechowski, Adam"]
[Result "1/2-1/2"]
[WhiteElo "2045"]
[BlackElo "2169"]
[PlyCount "52"]
[EventDate "2002.??.??"]
[EventType "team"]
[EventRounds "9"]
[EventCountry "POL"]
[SourceTitle "EXT 2006"]
[Source "ChessBase"]
[SourceDate "2005.11.24"]
[SourceVersion "1"]
[SourceVersionDate "2005.11.24"]
[SourceQuality "1"]

1. e4 c5 2. g3 e6 3. d3 d5 4. Nd2 Nc6 5. Ngf3 Nf6 6. Bg2 Qc7 7. 0-0 Be7 8. Re1 b6 9. e5 Nd7 10. Qe2 Bb7 11. h4 h6 12. Nf1 a6 13. c3 b5 14. Bf4 c4 15. d4 b4 16. N3d2 Na7 17. Qg4 g6 18. Qf3 Nb5 19. Qe3 h5 20. Nf3 Nb6 21. Bg5 bxc3 22. bxc3 Ba3 23. Bf6 Rg8 24. Qh6 Nd7 25. Bg5 Nf8 26. Bf6 Nd7 1/2-1/2

[Event "POL-chT3"]
[Site "Poland"]
[Date "2002.??.??"]
[Round "?"]
[White "Wojciechowski, Adam"]
[Black "Cekala, Leon"]
[Result "1-0"]
[WhiteElo "2169"]
[BlackElo "2056"]
[PlyCount "109"]
[EventDate "2002.??.??"]
[EventType "team"]
[EventRounds "9"]
[EventCountry "POL"]
[SourceTitle "EXT 2006"]
[Source "ChessBase"]
[SourceDate "2005.11.24"]
[SourceVersion "1"]
[SourceVersionDate "2005.11.24"]
[SourceQuality "1"]

1. e4 e5 2. Nf3 Nc6 3. Nc3 Nf6 4. d4 Nxd4 5. Nxd4 exd4 6. Qxd4 b6 7. e5 Bc5 8. Qf4 Qe7 9. Be2 Ng8 10. Nd5 Qd8 11. e6 dxe6 12. Nxc7+ Ke7 13. Nxa8 Bd6 14. Qa4 Bb7 15. Bg5+ f6 16. Bf4 e5 17. Qxa7 Qxa8 18. Qxa8 Bxa8 19. Be3 Bc5 20. Bxc5+ bxc5 21. Bf3 Nh6 22. Bxa8 Rxa8 23. Ke2 Nf5 24. c3 Nd6 25. Rhg1 f5 26. b4 Ne4 27. Rgc1 Ra3 28. bxc5 Nxc3+ 29. Ke1 Kd7 30. Rc2 Kc6 31. f3 e4 32. Kf2 Kxc5 33. Rac1 Kd4 34. Rxc3 Rxc3 35. Rxc3 Kxc3 36. fxe4 fxe4 37. Ke3 Kb4 38. Kxe4 Ka3 39. Kf5 Kxa2 40. Ke6 Kb3 41. Kf7 g5 42. Kg7 Kc4 43. Kxh7 g4 44. Kg6 g3 45. hxg3 Kd5 46. Kf6 Ke4 47. g4 Kf4 48. g5 Kg4 49. g6 Kh5 50. g7 Kh6 51. g8R Kh7 52. Rg6 Kh8 53. Kf7 Kh7 54. g4 Kh8 55. Rh6# 1-0

[Event "Polanica Zdroj op"]
[Site "Polanica Zdroj"]
[Date "2001.08.19"]
[Round "4"]
[White "Zaninotto, Franco"]
[Black "Wojciechowski, Adam"]
[Result "0-1"]
[WhiteElo "2209"]
[BlackElo "2144"]
[PlyCount "40"]
[EventDate "2001.08.16"]
[EventType "swiss"]
[EventRounds "10"]
[EventCountry "POL"]
[SourceTitle "EXT 2002"]
[Source "ChessBase"]
[SourceDate "2001.11.25"]
[SourceVersion "1"]
[SourceVersionDate "2001.11.25"]
[SourceQuality "1"]

1. e4 c5 2. c3 d5 3. exd5 Qxd5 4. d4 Nc6 5. Nf3 Bg4 6. Be2 Nf6 7. h3 Bh5 8. c4 Qd6 9. d5 Bxf3 10. Bxf3 Nd4 11. 0-0 g6 12. Be3 Nf5 13. Bg5 Bg7 14. Nc3 Nd7 15. Nb5 Qb6 16. Bf4 0-0 17. Re1 a6 18. Bc7 Qf6 19. Nc3 Rac8 20. Bh2 Rfe8 0-1

[Event "POL-ch U18"]
[Site "Zakopane"]
[Date "2001.01.26"]
[Round "11"]
[White "Chojnacki, Krzysztof"]
[Black "Wojciechowski, Adam"]
[Result "1/2-1/2"]
[WhiteElo "2232"]
[BlackElo "2112"]
[PlyCount "42"]
[EventDate "2001.01.16"]
[EventType "swiss"]
[EventRounds "11"]
[EventCountry "POL"]
[SourceTitle "EXT 2002"]
[Source "ChessBase"]
[SourceDate "2001.11.25"]
[SourceVersion "1"]
[SourceVersionDate "2001.11.25"]
[SourceQuality "1"]

1. e4 c5 2. Nf3 Nc6 3. d4 cxd4 4. Nxd4 Nf6 5. Nc3 g6 6. Be3 Bg7 7. Bc4 0-0 8. Bb3 a5 9. a4 Ng4 10. Nxc6 Nxe3 11. Nxd8 Nxd1 12. Nxd1 Rxd8 13. c3 b6 14. Ne3 Bb7 15. f3 Bh6 16. Kf2 Bxe3+ 17. Kxe3 Rac8 18. Rhd1 Rc5 19. Rd2 Kf8 20. Bd5 Ba6 21. h4 d6 1/2-1/2

[Event "POL-ch U18"]
[Site "Zakopane"]
[Date "2001.01.21"]
[Round "6"]
[White "Paterek, Michal"]
[Black "Wojciechowski, Adam"]
[Result "1/2-1/2"]
[WhiteElo "2141"]
[BlackElo "2112"]
[PlyCount "71"]
[EventDate "2001.01.16"]
[EventType "swiss"]
[EventRounds "11"]
[EventCountry "POL"]
[SourceTitle "EXT 2002"]
[Source "ChessBase"]
[SourceDate "2001.11.25"]
[SourceVersion "1"]
[SourceVersionDate "2001.11.25"]
[SourceQuality "1"]

1. d4 d5 2. c4 Nc6 3. Nc3 dxc4 4. d5 Ne5 5. Qd4 Ng6 6. e4 e6 7. Be3 exd5 8. 0-0-0 Bd6 9. Nf3 Bg4 10. exd5 Bxf3 11. gxf3 Qf6 12. Qxc4 N8e7 13. Qb5+ Kf8 14. Be2 Nf4 15. Bc4 Ng2 16. Qb3 b6 17. Be2 Nf4 18. Ba6 Rd8 19. Rhg1 Be5 20. Ne4 Qh4 21. Bc4 h6 22. Qa3 Qxh2 23. Qxa7 b5 24. Bxb5 Nfxd5 25. Rge1 Kg8 26. Qc5 c6 27. Bc4 Rb8 28. b3 Nxe3 29. Rh1 Bb2+ 30. Kb1 Ba3 31. Qxa3 Nxc4 32. Qxe7 Qe5 33. Qxe5 Nxe5 34. f4 Ng4 35. Rhg1 f5 36. f3 1/2-1/2

[Event "POL-ch U18"]
[Site "Wisla"]
[Date "2000.??.??"]
[Round "2"]
[White "Wojciechowski, Adam"]
[Black "Lopusiewicz, Piotr"]
[Result "0-1"]
[WhiteElo "2092"]
[BlackElo "2224"]
[PlyCount "104"]
[EventDate "2000.02.26"]
[EventType "swiss"]
[EventRounds "10"]
[EventCountry "POL"]
[SourceTitle "EXT 2005"]
[Source "ChessBase"]
[SourceDate "2004.11.15"]
[SourceVersion "1"]
[SourceVersionDate "2004.11.15"]
[SourceQuality "1"]

1. e4 c5 2. Nc3 e6 3. Nge2 Nc6 4. g3 d5 5. exd5 exd5 6. d3 d4 7. Ne4 f5 8. Nd2 Qd5 9. f3 Nf6 10. Bg2 Be7 11. 0-0 0-0 12. Nf4 Qf7 13. Re1 g5 14. Nh3 Nd5 15. Nc4 f4 16. Ne5 Qg7 17. Nxc6 bxc6 18. Qe2 Ne3 19. Nf2 Bd6 20. Ne4 Be5 21. g4 Qe7 22. b3 Ba6 23. Ba3 Bd6 24. Rac1 Rfd8 25. Qd2 Bb5 26. c4 dxc3 27. Qxc3 Be5 28. Qxc5 Qxc5 29. Rxc5 Rd5 30. Rxd5 cxd5 31. Nf2 Rc8 32. Rc1 Nc2 33. Be7 h6 34. b4 Kf7 35. Bc5 Nxb4 36. Rb1 Rxc5 37. Rxb4 a5 38. Rb1 Bd4 39. Bf1 Ke6 40. Be2 Rc2 41. Kf1 Ba6 42. Nd1 Rxa2 43. Nc3 Bxc3 44. Rb6+ Ke5 45. Rxa6 Ra1+ 46. Kg2 Bd4 47. Rxh6 Rg1+ 48. Kh3 Re1 49. Ra6 Rxe2 50. Rg6 a4 51. Rxg5+ Kd6 52. Rf5 a3 0-1

[Event "POL-ch U18"]
[Site "Wisla"]
[Date "2000.??.??"]
[Round "8"]
[White "Wojciechowski, Adam"]
[Black "Moskwinski, Tadeusz"]
[Result "1/2-1/2"]
[WhiteElo "2092"]
[BlackElo "2004"]
[PlyCount "92"]
[EventDate "2000.02.26"]
[EventType "swiss"]
[EventRounds "10"]
[EventCountry "POL"]
[SourceTitle "EXT 2005"]
[Source "ChessBase"]
[SourceDate "2004.11.15"]
[SourceVersion "1"]
[SourceVersionDate "2004.11.15"]
[SourceQuality "1"]

1. e4 c5 2. Nc3 Nc6 3. Nge2 d6 4. d3 e6 5. g3 Nf6 6. Bg2 Be7 7. h3 0-0 8. Be3 Rb8 9. f4 Qc7 10. Qd2 b5 11. 0-0 b4 12. Nd1 d5 13. exd5 Nxd5 14. Bf2 Rd8 15. Ne3 Nxe3 16. Qxe3 Nd4 17. Nxd4 cxd4 18. Qe5 Qxe5 19. fxe5 Bb7 20. Rfe1 Bxg2 21. Kxg2 Rbc8 22. Re2 Rc6 23. h4 f5 24. exf6 gxf6 25. Kf3 Kf7 26. g4 e5 27. g5 Rdc8 28. gxf6 Bxf6 29. a3 Rxc2 30. Rxc2 Rxc2 31. axb4 Rxb2 32. Rxa7+ Ke6 33. Be1 Be7 34. Rb7 h5 35. b5 Rh2 36. Rb6+ Kd5 37. Rh6 Bxh4 38. Rxh5 Bg3 39. Rxh2 Bxh2 40. Bh4 Kc5 41. Ke4 Kxb5 42. Bf6 Kc6 43. Bxe5 Bxe5 44. Kxe5 Kc5 45. Ke4 Kc6 46. Kxd4 Kd6 1/2-1/2

[Event "POL-ch U18"]
[Site "Wisla"]
[Date "2000.??.??"]
[Round "10"]
[White "Wojciechowski, Adam"]
[Black "Paterek, Michal"]
[Result "1-0"]
[WhiteElo "2092"]
[BlackElo "2150"]
[PlyCount "70"]
[EventDate "2000.02.26"]
[EventType "swiss"]
[EventRounds "10"]
[EventCountry "POL"]
[SourceTitle "EXT 2005"]
[Source "ChessBase"]
[SourceDate "2004.11.15"]
[SourceVersion "1"]
[SourceVersionDate "2004.11.15"]
[SourceQuality "1"]

1. e4 e6 2. d4 b6 3. Nc3 Bb7 4. Be3 Bb4 5. f3 Nf6 6. a3 Bxc3+ 7. bxc3 d5 8. e5 Nfd7 9. Bd3 c5 10. f4 Qc7 11. Qd2 Nc6 12. Nf3 Na5 13. 0-0 Bc6 14. f5 exf5 15. Ng5 cxd4 16. cxd4 Nc4 17. Bxc4 dxc4 18. d5 Bb5 19. e6 0-0 20. Qb4 Qe5 21. Bf2 f6 22. Qxb5 fxg5 23. Rae1 Qd6 24. Qxd7 Qxd7 25. exd7 Rad8 26. Re7 Rf7 27. Re8+ Rf8 28. Rxf8+ Kxf8 29. Bd4 f4 30. Re1 Rxd7 31. Re5 h6 32. Kf2 Kf7 33. Kf3 Kg6 34. Ke4 Kh5 35. Re6 g4 1-0